Music Quiz

Random Music or Country Music Quiz
Score 0/39 Timer 07:00
0 Plays Today
Album Song % Correct
Golden HourLove Is a Wild Thing
91.4%
Same Trailer Different ParkI Miss You
89.6%
Golden HourOh, What a World
89.6%
Pageant MaterialLate to the Party
86%
Same Trailer Different ParkBack on the Map
84.2%
Pageant MaterialAre You Sure
82.4%
Pageant MaterialSomebody to Love
77.9%
Same Trailer Different ParkKeep It to Yourself
75.2%
Golden HourHappy & Sad
74.3%
Same Trailer Different ParkIt Is What It Is
72.5%
Same Trailer Different ParkMerry Go Round
62.6%
Pageant MaterialFamily Is Family
62.2%
Same Trailer Different ParkFollow Your Arrow
61.7%
Golden HourGolden Hour
50%
Same Trailer Different ParkMy House
46.8%
Pageant MaterialCup of Tea
45%
Pageant MaterialPageant Material
40.5%
Pageant MaterialHigh Time
39.2%
Golden HourHigh Horse
38.3%
Golden HourRainbow
36.5%
Album Song % Correct
Golden HourSpace Cowboy
32.9%
Pageant MaterialThis Town
31.1%
Golden HourWonder Woman
29.7%
Pageant MaterialGood Ol' Boys Club
27.5%
Golden HourSlow Burn
27.5%
Golden HourButterflies
27%
Golden HourMother
26.1%
Pageant MaterialBiscuits
25.7%
Same Trailer Different ParkBlowin' Smoke
25.2%
Golden HourVelvet Elvis
24.8%
Same Trailer Different ParkStep Off
24.3%
Golden HourLonely Weekend
23.4%
Same Trailer Different ParkSilver Lining
20.7%
Pageant MaterialDime Store Cowgirl
20.7%
Same Trailer Different ParkStupid
20.3%
Pageant MaterialFine
20.3%
Same Trailer Different ParkDandelion
19.8%
Pageant MaterialDie Fun
17.1%
Pageant MaterialMiserable
14.4%
Remove Ads.
Support Sporcle.
Get the best of Sporcle when you Go Orange. This ad-free experience offers more features, more stats, and more fun while also helping to support Sporcle. Thank you for becoming a member.

You're not logged in!

Compare scores with friends on all Sporcle quizzes.
OR
Log In

Sporcle TV

Today on Sporcle TV


Watch our educational content, quiz creation guides, and fun videos on Sporcle TV.

Show Comments

Extras

Top Quizzes Today


Score Distribution

Paid Content

Your Account Isn't Verified!

In order to create a playlist on Sporcle, you need to verify the email address you used during registration. Go to your Sporcle Settings to finish the process.

Report this User

Report this user for behavior that violates our Community Guidelines.

Details: